<?xml version="1.0" encoding="UTF-8"?>
<record
    xmlns:xsi="http://www.w3.org/2001/XMLSchema-instance"
    xsi:schemaLocation="http://www.loc.gov/MARC21/slim http://www.loc.gov/standards/marcxml/schema/MARC21slim.xsd"
    xmlns="http://www.loc.gov/MARC21/slim">

  <leader>01161cas a2200361 a 4500</leader>
  <controlfield tag="001">22987</controlfield>
  <controlfield tag="003">SK-KTurca</controlfield>
  <controlfield tag="005">20260513132809.0</controlfield>
  <controlfield tag="008">040803d19461948xo wr p       0   b0slo c</controlfield>
  <datafield tag="040" ind1=" " ind2=" ">
    <subfield code="a">BA001</subfield>
    <subfield code="b">slo</subfield>
    <subfield code="e">AACR2</subfield>
  </datafield>
  <datafield tag="041" ind1="0" ind2=" ">
    <subfield code="a">slo</subfield>
  </datafield>
  <datafield tag="044" ind1=" " ind2=" ">
    <subfield code="a">xo</subfield>
    <subfield code="c">SK</subfield>
  </datafield>
  <datafield tag="080" ind1=" " ind2=" ">
    <subfield code="a">323.2</subfield>
    <subfield code="2">2011</subfield>
  </datafield>
  <datafield tag="080" ind1=" " ind2=" ">
    <subfield code="a">355.11</subfield>
    <subfield code="2">2011</subfield>
  </datafield>
  <datafield tag="245" ind1="0" ind2="0">
    <subfield code="a">Odkaz :</subfield>
    <subfield code="b">t&#xFD;&#x17E;denn&#xED;k Sv&#xE4;zu vojakov Slovensk&#xE9;ho n&#xE1;rodn&#xE9;ho povstania</subfield>
  </datafield>
  <datafield tag="246" ind1="3" ind2="3">
    <subfield code="a">Odkaz</subfield>
  </datafield>
  <datafield tag="246" ind1="3" ind2="3">
    <subfield code="a">Odkaz Slovensk&#xE9;ho n&#xE1;rodn&#xE9;ho povstania</subfield>
  </datafield>
  <datafield tag="260" ind1=" " ind2=" ">
    <subfield code="a">Bratislava</subfield>
    <subfield code="b">Sv&#xE4;z vojakov Slovensk&#xE9;ho n&#xE1;rodn&#xE9;ho povstania</subfield>
    <subfield code="c">1946-1948</subfield>
    <subfield code="f">(Litera, p.n.s.)</subfield>
  </datafield>
  <datafield tag="300" ind1=" " ind2=" ">
    <subfield code="a">zv.</subfield>
    <subfield code="c">21x28 cm</subfield>
  </datafield>
  <datafield tag="310" ind1=" " ind2=" ">
    <subfield code="a">1x t&#xFD;&#x17E;denne</subfield>
    <subfield code="b">od &#x10D;. 21(1947)</subfield>
  </datafield>
  <datafield tag="321" ind1=" " ind2=" ">
    <subfield code="a">2x mesa&#x10D;ne</subfield>
    <subfield code="b">1946-&#x10D;. 20(1947)</subfield>
  </datafield>
  <datafield tag="362" ind1="0" ind2=" ">
    <subfield code="a">Ro&#x10D;. 1, &#x10D;. 1 (28. mar. 1946) - ro&#x10D;. 3, &#x10D;. 11 (mar. 1948)</subfield>
    <subfield code="z">Bg. Bal&#xFA;nov&#xE1;/1995</subfield>
  </datafield>
  <datafield tag="500" ind1=" " ind2=" ">
    <subfield code="a">Vy&#x161;lo mimoriadne &#x10D;.( 2. marec 1948)</subfield>
  </datafield>
  <datafield tag="550" ind1=" " ind2=" ">
    <subfield code="a">Menil tla&#x10D;iarne</subfield>
  </datafield>
  <datafield tag="550" ind1=" " ind2=" ">
    <subfield code="a">Zodp. red. Jozef Brad&#xE1;&#x10D;</subfield>
  </datafield>
  <datafield tag="550" ind1=" " ind2=" ">
    <subfield code="a">Od &#x10D;. 21(1947) form&#xE1;t: 34x51 cm</subfield>
  </datafield>
  <datafield tag="650" ind1=" " ind2="8">
    <subfield code="a">323.2</subfield>
    <subfield code="2">MDT</subfield>
  </datafield>
  <datafield tag="650" ind1=" " ind2="8">
    <subfield code="a">355.11</subfield>
    <subfield code="2">MDT</subfield>
  </datafield>
  <datafield tag="650" ind1=" " ind2="9">
    <subfield code="a">odbojov&#xE9; hnutie</subfield>
    <subfield code="2">SKP</subfield>
  </datafield>
  <datafield tag="650" ind1=" " ind2="9">
    <subfield code="a">vojaci</subfield>
    <subfield code="2">SKP</subfield>
  </datafield>
  <datafield tag="785" ind1="0" ind2="0">
    <subfield code="t">Bojovn&#xED;k</subfield>
  </datafield>
  <datafield tag="942" ind1=" " ind2=" ">
    <subfield code="2">ddc</subfield>
    <subfield code="c">OLDO</subfield>
    <subfield code="n">0</subfield>
  </datafield>
  <datafield tag="999" ind1=" " ind2=" ">
    <subfield code="c">22987</subfield>
    <subfield code="d">22987</subfield>
  </datafield>
  <datafield tag="952" ind1=" " ind2=" ">
    <subfield code="0">0</subfield>
    <subfield code="1">0</subfield>
    <subfield code="4">0</subfield>
    <subfield code="7">0</subfield>
    <subfield code="8">D</subfield>
    <subfield code="a">OKTUS</subfield>
    <subfield code="b">OKTUS</subfield>
    <subfield code="d">2026-05-13</subfield>
    <subfield code="l">0</subfield>
    <subfield code="p">4738001285</subfield>
    <subfield code="r">2026-05-13 13:28:21</subfield>
    <subfield code="w">2026-05-13</subfield>
    <subfield code="y">OLDO</subfield>
  </datafield>
</record>
